Роль фельдшера в профилактике инфекций, передающихся при оказании медицинской помощи учебное пособие для спо
Пособие в краткой форме включает себя информацию о современных методах дезинфекции, асептике и антисептике, а также данные по утилизации медицинских отходов для предотвращения распространения инфекционных заболеваний. Данное пособие было разработано в соответствии с требованиями ФГОС III поколения и...
Bewaard in:
| Hoofdauteur: | |
|---|---|
| Formaat: | Книга |
| Taal: | Russian |
| Gepubliceerd in: |
Санкт-Петербург
Лань
2024
|
| Editie: | 4-е изд., стер. |
| Onderwerpen: | |
| Online toegang: | https://e.lanbook.com/book/409421 https://e.lanbook.com/img/cover/book/409421.jpg |
| Tags: |
Voeg label toe
Geen labels, Wees de eerste die dit record labelt!
|
| LEADER | 01976nam0a2200301 i 4500 | ||
|---|---|---|---|
| 001 | 409421 | ||
| 003 | RuSpLAN | ||
| 005 | 20240513160712.0 | ||
| 008 | 240513s2024 ru gs 000 0 rus | ||
| 020 | |a 978-5-507-47714-2 | ||
| 040 | |a RuSpLAN | ||
| 041 | 0 | |a rus | |
| 044 | |a ru | ||
| 080 | |a 61 | ||
| 084 | |a 51.1(2)2я723 |2 rubbk | ||
| 245 | 0 | 0 | |a Роль фельдшера в профилактике инфекций, передающихся при оказании медицинской помощи |b учебное пособие для спо |c Веретенникова С. Ю. |
| 250 | |a 4-е изд., стер. | ||
| 260 | |a Санкт-Петербург |b Лань |c 2024 | ||
| 300 | |a 56 с. | ||
| 504 | |a Библиогр.: доступна в карточке книги, на сайте ЭБС Лань | ||
| 520 | 8 | |a Пособие в краткой форме включает себя информацию о современных методах дезинфекции, асептике и антисептике, а также данные по утилизации медицинских отходов для предотвращения распространения инфекционных заболеваний. Данное пособие было разработано в соответствии с требованиями ФГОС III поколения и призвано помочь в освоении профессиональными и общими компетенциями студентам медицинских колледжей. | |
| 521 | 8 | |a Книга из коллекции Лань - Медицина | |
| 653 | 0 | |a профилактика инфекций | |
| 653 | 0 | |a медицинская помощь | |
| 100 | 1 | |a Веретенникова С. Ю. | |
| 856 | 4 | |u https://e.lanbook.com/book/409421 | |
| 856 | 4 | 8 | |u https://e.lanbook.com/img/cover/book/409421.jpg |
| 953 | |a https://e.lanbook.com/img/cover/book/409421.jpg | ||